1971 1624 1044 1547 1787 1924 1045 1380 1021 1416 1215 1713 1572 1748 1322 1198 1114 1807 1138 1114 1239 1515 1536 1829 1254 1797 1823 1824 1692 1781 1591 1307 1800 1863 1467 1864 1014 1993 1273 1107 1064 1998 1413 1282 1393 1119 1040 1688 1540 1780 1528 1715 1021 1092 1527 1823 1104 1479 1642 1624 1824 1018 1169 1706 1257 1717 1128 1328 1138 1445 1621 1256 1088 1244 1497 1766 1610 1185 1491 1489 1377 1534 1638 1655 1284 1441 1368 1631 1433 1188 1743 1251 1738 1132 1328 1978 1827 1210 1374 BCNSPRNW ULIB Ver.6.0+V

เปลี่ยนเป็นภาษาไทย

Change to English
 แสดงรายละเอียดบรรณานุกรม
  กลับหน้าหลัก

Brief Record : Get Marc (ISO 2709) : E-mail record : QR code < ปิดหน้าต่าง
LEADER : 00000nam 2200000uu 4500
001    13399109253
003     ULIB
008    110324s2544||||th 000 0 tha d
060  4 WA540JT3^bส652ก 2544
110 1  สำนักงานสาธารณสุขเขต 8 นครสวรรค์
245 00 การบริหารและการพัฒนางานสาธารณสุขเขต 8 ปีงบประมาณ 2544/^cสำนักงานสาธารณสุขเขต 8 นครสวรรค์
260    นครสวรรค์:^bสำนักงานสาธารณสุขเขต 8 นครสวรรค์,^c2544
300    162 หน้า
650  7 การบริหารสาธารณสุข
945    ^p0^l0^i014272
945    ^p0^l0^i014270
945    ^p0^l0^i014273
945    ^p0^l0^i014271
995    ทศพร
999 ^a ใช้งานได้ทุกระบบ
รายการนี้ยังไม่มีแท็ก
คุณยังไม่ได้ล็อกอิน คุณสามารถมีกิจกรรมร่วมกับเว็บไซต์ได้ แต่ต้องล็อกอินก่อน ::
  ล็อกอิน

รายการสื่อสารสนเทศ

ลำดับที่ ประเภท เลขเรียก/บาร์โค้ด สถานที่ สถานะ
- ไม่พบข้อมูล -

รายการใกล้เคียง
    หัวเรื่อง [การบริหารสาธารณสุข]

BibComment


ยังไม่เคยถูกคอมเมนท์

คอมเมนท์ทรัพยากรรายการนี้
  คอมเมนท์: การบริหารและการพั..


 Copyright 2026. Bcnsprnw @Library